Indígnate! : un alegato contra la indiferencia y a favor de la insurrección pacífica /
Guardado en:
| Autor Principal: | |
|---|---|
| Formato: | Libro |
| Publicado: |
Buenos Aires :
Destino,
2011
|
| Series: | Imago Mundi
|
| Materias: | |
| Etiquetas: |
Agregar Etiqueta
Sin Etiquetas, Sea el primero en etiquetar este registro!
|
| LEADER | 00716nam a22002055a 4500 | ||
|---|---|---|---|
| 001 | CEM.cems013613 | ||
| 005 | 20111109152228.0 | ||
| 008 | 130507s2011##################000#0#####d | ||
| 003 | CEMS | ||
| 020 | |a 9789507321580 | ||
| 082 | 0 | 4 | |a 301.153 |
| 100 | 1 | |a Hessel, Stéphane | |
| 245 | 1 | 0 | |a Indígnate! : |b un alegato contra la indiferencia y a favor de la insurrección pacífica / |c Stéphane Hessel; prólogo de José Luis Sampedro; traducción de Telmo Moreno Lanaspa |
| 260 | |a Buenos Aires : |b Destino, |c 2011 | ||
| 300 | |a 60 p. | ||
| 490 | 0 | |a Imago Mundi | |
| 653 | |a Insurrección pacífica | ||
| 653 | |a Cambio social | ||
| 653 | |a Movimientos sociales | ||
| 859 | |a CEMS |b BIB. CEMS - 11 de abril |h 301.153 |i H464 |p 26244.11 |t Ej.1 | ||
